Warrior Cats - Staffel 7 - Statistiken

Allgemein
  • Dieses Quiz wurde 20 mal gespielt
  • Das Durchschnittsergebnis liegt bei 5 aus 6
Antwortstatistiken
Band Warrior Cats - … % Korrekt
Band 6 Licht im Nebel
92%
Band 2 Eisiges Schweigen
83%
Band 4 Finsternis im Inneren
83%
Band 3 Schleier aus Schatten
83%
Band 5 Ort ohne Sterne
75%
Band 1 Verlorene Sterne
75%
Keine übereinstimmenden Quizze gefunden
Verteilung der Resultate
Anzahl Personen mit jedem Resultat
Perzentil nach korrekt beantworteten Fragen
Ihre Resultats-Entwicklung
Sie haben dieses Quiz noch nicht gespielt